MARC

LEADER 00000nam0a2200000 4500
001 675193
005 20241212123701.0
035 |a (RuTPU)RU\TPU\book\323395 
090 |a 675193 
100 |a 20241004d1972 k||y0rusy50 ca 
101 0 |a rus 
102 |a RU 
105 |a a z 001zy 
181 0 |a i   |b  e  
182 0 |a n 
183 0 |a nc  |2 RDAcarrier 
200 1 |a Геология и методы анализа руд благородных металлов  |e [сборник]  |f Иркутский государственный научно-исследовательский институт редких и цветных металлов ИРГИРЕДМЕТ; гл. ред. А. С. Синакевич 
203 |a Текст  |b визуальный  |c непосредственный 
210 |a Иркутск  |c Изд-во ИРГИРЕДМЕТ  |d 1972 
215 |a 165 с.  |c ил. 
225 |a Научные труды  |v Вып. 24 
283 |a volume  |2 RDAcarrier 
320 |a Библиография в конце статей 
606 1 |a Благородные металлы  |x Месторождения  |9 52311 
606 1 |a Руды благородных металлов  |x Вещественный состав  |9 50157 
610 1 |a геология 
610 1 |a рудная минерализация 
610 1 |a геологическое строение 
610 1 |a Айхал 
610 1 |a методы анализа 
610 1 |a рудные месторождения 
610 1 |a обогащение 
610 1 |a металлургическая переработка 
675 |a 553.41  |v 4 
675 |a 622.7.01  |v 4 
702 1 |a Синакевич  |b А. С.  |4 340 
712 0 2 |a Иркутский государственный научно-исследовательский институт редких и цветных металлов  |c 1946-  |9 88671 
801 1 |a RU  |b 63413507  |c 20241004 
801 2 |a RU  |b 63413507  |c 20170627  |g RCR 
830 |a Ретро2024Продолжающиеся 
850 |a 63413507 
942 |c CR